|
|
|
|
| LEADER |
00000cam a22000004a 4500 |
| 001 |
musev2_3382 |
| 003 |
MdBmJHUP |
| 005 |
20230905040426.0 |
| 006 |
m o d |
| 007 |
cr||||||||nn|n |
| 008 |
090220s2010 mdu o 00 0 eng d |
| 010 |
|
|
|z 2009007057
|
| 020 |
|
|
|a 9780801896088
|
| 020 |
|
|
|z 9780801893728
|
| 035 |
|
|
|a (OCoLC)557662425
|
| 040 |
|
|
|a MdBmJHUP
|c MdBmJHUP
|
| 043 |
|
|
|a n-us---
|
| 050 |
0 |
4 |
|a LC538
|b .S38 2010
|
| 082 |
0 |
|
|a 378/.0710973
|2 22
|
| 100 |
1 |
|
|a Schuman, Samuel.
|
| 245 |
1 |
0 |
|a Seeing the Light :
|b Religious Colleges in Twenty-First-Century America /
|c Samuel Schuman.
|
| 264 |
|
1 |
|a Baltimore :
|b Johns Hopkins University Press,
|c 2010.
|
| 264 |
|
3 |
|a Baltimore, Md. :
|b Project MUSE,
|c 2012
|
| 264 |
|
4 |
|c ©2010.
|
| 300 |
|
|
|a 1 online resource (336 pages).
|
| 336 |
|
|
|a text
|b txt
|2 rdacontent
|
| 337 |
|
|
|a computer
|b c
|2 rdamedia
|
| 338 |
|
|
|a online resource
|b cr
|2 rdacarrier
|
| 504 |
|
|
|a Includes bibliographical references and index.
|
| 505 |
0 |
|
|a Pt. I. Introduction -- 1. An agenda for the study of religious colleges and universities -- 2. Contexts historical and denominational -- 3. Three Roman Catholic colleges and universities [College of New Rochelle, Villanova University, Thomas Aquinas College] -- Pt. II. Baptist schools -- 4. Pro ecclesia, pro texana: Baylor University, Waco, Texas -- 5. A civil college: Anderson University, Anderson, South Carolina -- Pt. III. Denominational colleges -- 6. "At the front lines of the culture wars": New Saint Andrews College, Moscow, Idaho -- 7. "To clear some part of the human jungle": Calvin College, Grand Rapids, Michigan -- 8. Swedes and the city: North Park University, Chicago, Illinois -- Pt. IV. Nondenominational Christian colleges and universities -- 9. Friends and/or friendly?: George Fox University, Newberg, Oregon -- 10. An island of piety in a sea of riches: Westmont College, Santa Barbara, California -- 11. "Expect a miracle": Oral Roberts University, Tulsa, Oklahoma -- 12. A Christian walk up north: Northwestern College, St. Paul, Minnesota -- 13. "For Christ and his kingdom": Wheaton College, Wheaton, Illinois -- Pt. V. Conclusions -- 14. What can we learn?
|
| 588 |
|
|
|a Description based on print version record.
|
| 650 |
|
0 |
|a Church colleges
|z United States.
|
| 655 |
|
7 |
|a Electronic books.
|2 local
|
| 710 |
2 |
|
|a Project Muse.
|e distributor
|
| 830 |
|
0 |
|a Book collections on Project MUSE.
|
| 856 |
4 |
0 |
|z Texto completo
|u https://projectmuse.uam.elogim.com/book/3382/
|
| 945 |
|
|
|a Project MUSE - Custom Collection
|
| 945 |
|
|
|a Project MUSE - 2010 Higher Education
|
| 945 |
|
|
|a Project MUSE - 2010 Complete
|